000 00391nam a22001577a 4500
003 MACL
005 20150606153443.0
008 150606b xxu||||| |||| 00| 0 eng d
040 _cMACL
082 _a920/NAM
100 _aNamboodiripad,E.M.S.
_9138
245 _aThe Mahatma and the Ism
260 _aDehli
_bLeftWord
_c2011
650 _aBiography
_9144
942 _2ddc
_cBK
_h920/NAM
999 _c49793
_d49793